La Corse - Statistiques

Statistiques générales
  • Ce quiz a été pris 30 fois
  • Le résultat moyen est 12 sur 30
Statistiques - réponses
Hint Réponse % Correct
Quelle est la ville la plus peuplé de Corse ? Ajaccio
100%
Quelle île italienne est située à 11km au sud de la Corse ? Sardaigne
96%
Quelle mer borde l'ouest de la Corse ? Mer Méditerranée
92%
Quel empereur français de 1804 à 1815 est né à Ajaccio ? Napoléon Ier
84%
Quel est le nom donné au sentier de randonnée mythique de 179km qui traverse la Corse ? GR20
72%
Dans quelle ville se situe la seule université de Corse ? Corte
68%
Comment s'appelle la commune la plus au sud de la Corse ? Bonifacio
64%
Quel club de football corse, a notamment remporté la Coupe de France 1981 et deux titres de champion de France de football de deuxième division en 1968 et 2012 ? SC Bastia
64%
Quelle ville italienne est à l'origine d'une république qui contrôla la Corse et érigea des tours dont 47 sont encore visibles ? Gênes
52%
Quel village dans le golfe de Porto, accueille des calanques inscrites au patrimoine mondial de l'UNESCO depuis 2006 ? Piana
52%
Quel est le point culminant de la Corse avec une altitude de 2706m ? Monte Cinto
48%
Quel fromage très apprécié des Corses, qu'ils désignent comme leur "fromage national", a été décrit par le poète Émile Bergerat par ces mots : "Qui n'en a pas goûté ne connaît pas l'île" ? Brocciu
44%
Quelle boisson est commercialisée sous l'appellation Patrimonio ? Vin
36%
Quel fruit constitue la base du gâteau traditionnel appelé le Fiadone ? Citron
32%
Comment s'appelle l'archipel de 20 îles, îlots et récifs situé à la pointe sud de l'île ? Iles Lavezzi
32%
Quelle station balnéaire de Haute-Corse, surnommée le "Petit Saint-Tropez", est une ancienne cité génoise située à la base occidentale du Cap Corse, au cœur du Nebbiu ? Saint-Florent
32%
Quel chanteur d'opérette est né et enterré à Ajaccio, où l'un des ports porte son nom ? Tino Rossi
32%
Qu'est ce qui est taillé dans la falaise à Bonifacio et qui porte le nom du roi d'Aragon ? Escalier
28%
Comment s'appelle les monuments naturels qui ont fait la renommée de Bavella ? Aiguilles
24%
Quel est le nom de la place principale de Bastia composée d'une statue de Napoléon et d'un kiosque à musique aussi ? Place Saint-Nicolas
24%
Quelle commune à l'est de la Corse fut la capitale de Corse romaine pendant l'Antiquité ? Aléria
20%
Quelle commune de Corse-du-Sud à le même nom qu'un pays caribéen ? Sainte-Lucie
20%
Comment s'appelle la chaîne de télévision publique régionale française, consacrée à la collectivité de Corse dont le slogan est « Stintu meridianu » ? Via Stella
20%
Quelle mannequin française a été élu Miss Lumio en 1993, d'où sont originaires ses grands-parents ? Laetitia Casta
16%
Selon un mythe du XVIIIe siècle, quel bijou composait la tête du Maure du drapeau Corse ? Boucle d'oreille
8%
Dans quelle commune corse de la Haute-Corse, Pascal Paoli est-il né ? Morosaglia
8%
Quel mot est utilisé pour exprimer la manifestation d'une mauvaise influence, née d'une forte jalousie ou d'une admiration néfaste ? Ochju
8%
Quel est le nom qu'on donne à un chant polyphonique traditionnel corse, composé de 6 vers de huit syllabes, généralement chanté par trois hommes ? Paghjella
8%
Quel fleuve, prenant source au lac de Nino et traverse des communes comme Casamaccioli ou Giuncaggio, termine sa course à Aléria pour se jeter dans la mer Tyrrhénienne ? Tavignano
8%
Comment appelle-t-on la variété de pin noir (Pinus nigra) spécifiquement présente dans les massifs montagneux de Corse ? Pin Laricio
4%
Aucun quiz correspondant
Distribution des résultats
% des personnes avec chaque résultat
Percentile par nombre de réponses
Votre historique - résultats
Vous n’avez pas pris ce quiz